书目信息 |
| 题名: |
动物防疫与检疫技术:第二版
|
|
| 作者: | 毕玉霞 , 方磊涵 主编 | |
| 分册: | ||
| 出版信息: | 北京 化学工业出版社 2016.05 |
|
| 页数: | 246页 | |
| 开本: | 26cm | |
| 丛书名: | ||
| 单 册: | ||
| 中图分类: | S851.3 | |
| 科图分类: | ||
| 主题词: | 兽疫--防疫--职业教育--教材 , 动物检疫--职业教育--教材 | |
| 电子资源: | ||
| ISBN: | 978-7-122-26612-5 | |
| 000 | 01030nam0 2200277 450 | |
| 001 | 1383 | |
| 005 | 20180929083052.73 | |
| 010 | @a978-7-122-26612-5@dCNY34.00 | |
| 100 | @a20161213d2016 em y0chiy50 ea | |
| 101 | 0 | @achi |
| 102 | @aCN@b110000 | |
| 105 | @aa z 000yy | |
| 200 | 1 | @a动物防疫与检疫技术:第二版@Adong wu fang yi yu jian yi ji shu:di er ban@9dong wu fang yi yu jian yi ji shu@f毕玉霞,方磊涵主编 |
| 205 | @a2版 | |
| 210 | @a北京@c化学工业出版社@d2016.05 | |
| 215 | @a246页@c图@d26cm | |
| 300 | @a“十二五”职业教育国家规划教材 | |
| 307 | @a实际页数为:247 | |
| 330 | @a本书共分十三章,系统地阐述了动物防疫与检疫的基本知识和基本技能,重点阐述了法定动物疫病的检疫检验。主要内容包括:动物防疫基本知识、动物防疫技术、动物检疫基本知识、动物检疫技术等。 | |
| 606 | 0 | @a兽疫@x防疫@x职业教育@j教材 |
| 606 | 0 | @a动物检疫@x职业教育@j教材 |
| 690 | @aS851.3@v5 | |
| 701 | 0 | @a毕玉霞@9bi yu xia@4主编 |
| 701 | 0 | @a方磊涵@9fang lei han@4主编 |
| 801 | 0 | @aCN@b91MARC@c20161213 |
| 905 | @aMuseLib@dS851.3@e151=2 | |
| 动物防疫与检疫技术:第二版/毕玉霞,方磊涵主编.-2版.-北京:化学工业出版社,2016.05 |
| 246页:图;26cm |
| “十二五”职业教育国家规划教材 |
| ISBN 978-7-122-26612-5:CNY34.00 |
| 本书共分十三章,系统地阐述了动物防疫与检疫的基本知识和基本技能,重点阐述了法定动物疫病的检疫检验。主要内容包括:动物防疫基本知识、动物防疫技术、动物检疫基本知识、动物检疫技术等。 |
| ● |
| 相关链接 |
|
|
|
|
正题名:动物防疫与检疫技术:第二版
索取号:S851.3/151=2
 
预约/预借
| 序号 | 登录号 | 条形码 | 馆藏地/架位号 | 状态 | 备注 |
| 1 | 1122416 | 211224165 | 第二样本阅览室/ [索取号:S851.3/151=2] | 在馆 | |
| 2 | 1122417 | 211224174 | 密集书库-生命科学系/ [索取号:S851.3/151=2] | 在馆 | |
| 3 | 1122418 | 211224183 | 第三借阅区/ [索取号:S851.3/151=2] | 在馆 | |
| 4 | 1122419 | 211224192 | 第三借阅区/ [索取号:S851.3/151=2] | 在馆 | |
| 5 | 1122420 | 211224209 | 第三借阅区/ [索取号:S851.3/151=2] | 在馆 |